| 000 | 00704nam a2200205 a 4500 | ||
|---|---|---|---|
| 001 | 000037504 | ||
| 003 | DO-SdBNP | ||
| 005 | 20230222093615.0 | ||
| 007 | ta | ||
| 008 | 120420s2014 dr c 000 0 spa d | ||
| 040 |
_aDO-SdBNP _bspa _cBNPHU |
||
| 082 | 4 |
_222 _bI62t |
|
| 245 | 0 | 0 |
_aInvernaderos tropicales : _baportes al fortalecimiento de la competitividad en el modelo de producción agrícola bajo ambiente controlado |
| 260 |
_aSanto Domingo : _bConsejo Nacional de Investigaciones Agropecuarias y Forestales CONIAF) , _b, _c2014. |
||
| 300 |
_a175 p. : _bretratos ; _c27 cm. |
||
| 590 | _aInventariado, 2022 / DG | ||
| 700 | 1 |
_aAlberdi, María Teresa _963959 |
|
| 910 | _aDG | ||
| 942 |
_2ddc _cLBS1 |
||
| 999 |
_c53027 _d53027 |
||